What is the Bible? : (Record no. 57571)
[ view plain ]
| 000 -LEADER | |
|---|---|
| fixed length control field | 02135nam a22002297a 4500 |
| 008 - FIXED-LENGTH DATA ELEMENTS--GENERAL INFORMATION | |
| fixed length control field | 220208b ||||| |||| 00| 0 eng d |
| 020 ## - INTERNATIONAL STANDARD BOOK NUMBER | |
| International Standard Book Number | 9781506410746 |
| 020 ## - INTERNATIONAL STANDARD BOOK NUMBER | |
| International Standard Book Number | 150641074X |
| 050 ## - LIBRARY OF CONGRESS CALL NUMBER | |
| Classification number | BT77 |
| Item number | .W42 2016 |
| 245 ## - TITLE STATEMENT | |
| Title | What is the Bible? : |
| Remainder of title | the patristic doctrine of scripture / |
| Statement of responsibility, etc | Matthew Baker and Mark Mourachian, editors. |
| 260 ## - PUBLICATION, DISTRIBUTION, ETC. (IMPRINT) | |
| Place of publication, distribution, etc | Minneapolis : |
| Name of publisher, distributor, etc | Fortress Press, |
| Date of publication, distribution, etc | 2016. |
| 300 ## - PHYSICAL DESCRIPTION | |
| Extent | xx, 200 pages ; |
| Dimensions | 24 cm |
| 500 ## - GENERAL NOTE | |
| General note | Includes bibliographical references. <br/> |
| 505 ## - FORMATTED CONTENTS NOTE | |
| Formatted contents note | Part I. Approaches in the Christian East. The exegetical metaphysic of Origen of Alexandria / J. A. McGuckin -- A "doctrine of scripture" from the Eastern Orthodox tradition : a reflection on the Desert Father Saint Sarapion of Thmuis / Oliver Herbel -- "He has clothed himself in our language" : the incarnational hermeneutic of Saint Ephrem the Syrian / Matthew Baker -- John Chrysostom on the nature of revelation and task of exegesis / Bradley Nassif -- Barsanuphius, John, and Dorotheos on Scripture : voices from the desert in sixth-century Gaza / Alexis Torrance -- The transfiguration of Jesus Christ as "saturated phenomenon" and as a key to the dynamics of biblical revelation in Saint Maximus the Confessor / Paul M. Blowers -- Scripture as divine mystery: the Bible in the Philokalia / Brock Bingaman -- Part II. Modern approaches inspired by the Fathers. The Bible as Heilsgeschichte : the basic axis and scope of Georges Florovsky's neopatristic synthesis / Nikolaos Asproulis --The Gospel according to Saint Justin the New : Justin Popović on scripture / Vladimir Cvetkovic -- Reality and biblical interpretation : T.F. Torrance's retrieval of patristic hermeneutics / John Taylor Carr -- Merely academic : a brief history of modern biblical criticism / Michael C. Legaspi. <br/> |
| 610 ## - SUBJECT ADDED ENTRY--CORPORATE NAME | |
| Subordinate unit | Orthodo |
| General subdivision | Eastern Church |
| -- | Doctrines. |
| 630 ## - SUBJECT ADDED ENTRY--UNIFORM TITLE | |
| Relator term | Bible |
| General subdivision | Criticism, interpretation, etc. |
| 650 ## - SUBJECT ADDED ENTRY--TOPICAL TERM | |
| Topical term or geographic name as entry element | Fathers of the church, Greek |
| General subdivision | History and criticism. |
| 655 ## - INDEX TERM--GENRE/FORM | |
| Non-focus term | Criticism, interpretation, etc. |
| 700 ## - ADDED ENTRY--PERSONAL NAME | |
| Personal name | Baker, Matthew, |
| Relator term | editor. |
| 700 ## - ADDED ENTRY--PERSONAL NAME | |
| Personal name | Mourachian, Mark, |
| Relator term | editor. |
| 942 ## - ADDED ENTRY ELEMENTS (KOHA) | |
| Source of classification or shelving scheme | Library of Congress Classification |
| Item type | Book |
| Withdrawn status | Lost status | Source of classification or shelving scheme | Damaged status | Not for loan | Collection code | Home library | Current library | Shelving location | Date acquired | Source of acquisition | Cost, normal purchase price | Full call number | Barcode | Copy number | Price effective from | Koha item type |
|---|---|---|---|---|---|---|---|---|---|---|---|---|---|---|---|---|
| Library of Congress Classification | Non-fiction | Joshua & Timothy School of Theology Library (JTSOT) | Joshua & Timothy School of Theology Library (JTSOT) | General Circulation | 08/02/2022 | Donations TBN | 9600.00 | BT77 .W42 2016 | 067047 | 1 | 08/02/2022 | Book |